Регионална библиотека "Любен Каравелов" - Русе

Монахът, който обичаше котки (Запис номер 411088)

MARC детайли
000 -Лидер
Контролно поле с фиксирана дължина 01154aam a2200289 a 4500
003 - Код на организацията, давaща контролен номер
Контролно поле BLK
005 - Дата и час на последна редакция
Контролно поле 20250726094845.0
008 - Елементи от данни с фиксирана дължина
fixed length control field 180828b bul||||| |||| 00| 0 bul d
020 ## - Международен стандартен номер на книга ISBN
Международен стандартен номер на книга ISBN 9789543896127
040 ## - Източник на каталожния запис
Идентификатор на билиотеката - собственик на записа BLK
041 ## - Код за език
Код за езика на текст/звукозапис или на отделно заглавие Български
Код за езика КДБФ Български
080 ## - УДК
Текстов определител УДК Италианска литература
УДК код - определител по УДК 821.131.1
УДК определител -31
УДК - код + определител 821.131.1-31
100 ## - Редна дума - Автор
Автор Дебиази, Корадо
Авторска отговорност първи автор
R(LIN) 1299
139 ## - Редно поле
Редна дума Дебиази, Корадо
Авторски знак Деб - Д 31
245 ## - Сведения за заглавието
Заглавие Монахът, който обичаше котки
Редно поле (дума) Корадо Дебиази, прев. Тонина Манфреди.
257 ## - Страна на издаване
Страна на създаване/издаване Италия
260 ## - Област на издателските данни
Година на издаване 2021
9 (RLIN) 209478
Място на издаване, разпространение и проч. София
Име на издателя, разпространителя и проч. Ера
Издателство - префикс ISBN 978-954-9395- ; 978-954-389-
Печатница ([Костинброд] : Мултипринт ООД
300 ## - Физическа характеристика
Страници 255 с.
Размери/Мащаб 20 см
380 ## - Жанр
Жанр Худож. лит.
500 ## - Общи забележки
Забележка Ориг. загл.: Il monaco che amava i gatti / Corrado Debiasi
700 ## - Други автори (авторска отговорност)
9 (RLIN) 336430
Лично име Манфреди, Тонина
Автороска отговорност (Описва отношението между автора и произведението) прев. от итал.
852 ## - Местоположение
Форматна сигнатура Цб 314878
Фондова буква Хранилище
856 ## - Електронен адрес и достъп
Инструкция (цена за достъп) 0.00
Права за достъп disable
999 ## - СИСТЕМНИ КОНТРОЛНИ НОМЕРА
Koha biblionumber 411088
Koha biblioitemnumber 411088
942 ## - АРТИКУЛИ
Вид на библиотечния материал Книги
Източник на класификационната схема Universal Decimal Classification
Скрит в OPAC Не
Koha issues (borrowed), all copies 32
Периодичен библиозапис Да
944 ## - СЪЗДАВАНЕ И РЕДАКЦИЯ на ЗАПИСА
Създаване/Редакция Създаване
Дата на регистрацията/редакция 2021-04-26
Служител, извършил регистрацията/редакцията 30575
Статус, дата на статуса Мартин Енчев
999 ## - СИСТЕМНИ КОНТРОЛНИ НОМЕРА
Koha biblioitemnumber 411088
Наличности
Код за отписване Код за изгубен артикул Източник на класификационната схема Код за повреда Коз за рестрикции Код за отдаване Артикулен № Име на библиотеката - собственик Име на библиотеката, в която се намира в момента Статус (Текущо местоположение) Дата на вписване в системата Местоположение - отдел Цена в лева Систематично азбучна сигнатура Баркод Цена в евро Служебен тип на артикула
  Не е изгубен Universal Decimal Classification Не е повреден без рестрикции заемане за дома 828349 Регионална библиотека "Любен Каравелов" Русе Регионална библиотека "Любен Каравелов" Русе Заемна - подръчен фонд 2021-05-05 Заемна - подръчен фонд 15.99 821-31/Д 30 К 120000854130 8.18 Книги
  Не е изгубен Universal Decimal Classification Не е повреден без рестрикции заемане за дома 828350 Регионална библиотека "Любен Каравелов" Русе Регионална библиотека "Любен Каравелов" Русе Заемна - подръчен фонд 2021-05-05 Заемна - подръчен фонд 15.99 821-31/Д 30 К 120000854131 8.18 Книги
  Не е изгубен Universal Decimal Classification Не е повреден само за читалня ползва се в читалня 918385 Регионална библиотека "Любен Каравелов" Русе Регионална библиотека "Любен Каравелов" Русе Хранилище 2022-12-13 Хранилище 15.99 Цб 314878 120000879237 8.18 Книги
Vip Innovations Ltd, Rousse, Bulgaria 2025